000 01056nam a22003257a 4500
001 BR0805977
003 BR-BrBNA
005 20230928102715.0
007 ta
008 230509b bl.||||| |||| 00| 0 por d
040 _aBR-BrBNA
_bpor
_cBiblioteca Nacional de Agricultura
041 _a(Por)
072 _aL01; L02
_b6100
_b8954
090 _ 6100 BR0805977
100 1 _aPenha, L.M. de B.L.
110 1 _aUniversidade Federal de Minas Gerais, Belo Horizonte (Brasil). Escola de Veterinária
_0Tese (Mestre em Zootecnia)
245 1 _aDesempenho e rendimento de carcaça de frangos de corte submetidos a dietas com diferentes níveis de energia e aminoácidos
260 3 _aBelo Horizonte, MG (Brasil):
_c2006.
300 _a48 p.
500 _aSummaries (Eng, Por); Bibliography p. 42-48; 42 tables
650 _aFRANGO DE CORTE
650 _aRAÇÃO
650 _aCARCAÇA
650 _aDIETA
650 _aSUPLEMENTO ALIMENTAR
650 _aAMINOÁCIDO
650 _aLISINA
909 _a202309
_bLucia
_c55
_dLucia Elande
942 _cBK
999 _c72132
_d72132